Odhaľovanie krízových signálov v ziskovosti podniku
Hodnotenie celkovej efektívnosti podniku. Tri skupiny ukazovateľov na hodnotenie efektívnosti. Ukazovatele rentability. Hodnotenie ziskovosti podľa ukazovateľa EBITDA. Medzipodnikové porovnanie a identifikácia toho, v čom sa skrýva úspech/neúspech podniku.
Uložené v:
| Hlavný autor: | |
|---|---|
| Ďalší autori: | |
| Médium: | Kapitola |
| Jazyk: | Slovak |
| Predmet: | |
| Tagy: |
Žiadne tagy, Buďte prvý, kto otaguje tento záznam!
|
MARC
| LEADER | 00000naa a2200000 4500 | ||
|---|---|---|---|
| 001 | 0175097 | ||
| 005 | 20240502073003.0 | ||
| 041 | 0 | |a slo | |
| 044 | |a SK | ||
| 245 | 1 | 0 | |a Odhaľovanie krízových signálov v ziskovosti podniku |c Peter Markovič, Zuzana Juhászová |
| 520 | |a Hodnotenie celkovej efektívnosti podniku. Tri skupiny ukazovateľov na hodnotenie efektívnosti. Ukazovatele rentability. Hodnotenie ziskovosti podľa ukazovateľa EBITDA. Medzipodnikové porovnanie a identifikácia toho, v čom sa skrýva úspech/neúspech podniku. | ||
| 610 | 2 | 0 | |a efektívnosť |
| 610 | 2 | 0 | |a zisk |
| 610 | 2 | 0 | |a ukazovatele |
| 610 | 2 | 0 | |a rentabilita |
| 610 | 2 | 0 | |a výnosy |
| 610 | 2 | 0 | |a náklady |
| 610 | 2 | 0 | |a príjmy |
| 610 | 2 | 0 | |a výdavky |
| 610 | 2 | 0 | |a podnik |
| 610 | 2 | 0 | |a kríza |
| 100 | 1 | |a Markovič, Peter, 1974- | |
| 700 | 1 | |a Juhászová, Zuzana, 1970- | |